Geographical Information Systems: principles and applications /

Detalles Bibliográficos
Otros Autores: Maguirre, David J., Goodchild, Michael, Rhind, Savid W.
Formato: Libro
Publicado: Essex : Longman Scientific & Technical, 1991.
Materias:
Etiquetas: Agregar Etiqueta
Sin Etiquetas, Sea el primero en etiquetar este registro!

MARC

LEADER 00000nam a22000004a 4500
001 AR-BbUGT1058
003 AR-BbUGT
005 20210622193232.0
007 ta
008 061101t1991 |||a |0|||0| d
020 |a 0-470-21789-8 
040 |a AR-BbUGT  |b spa  |c AR-BbUGT 
082 0 4 |a 910.285 
245 0 0 |a Geographical Information Systems:   |b principles and applications /   |c edited by David J. Maguirre ; Michael Goodchild and Savid W. Rhind. 
260 |a Essex :   |b Longman Scientific & Technical,   |c 1991. 
300 |a 2 v. :   |b il. ;   |c 25 cm 
653 |a Sistemas de información geográfica 
700 1 |a Maguirre, David J. 
700 1 |a Goodchild, Michael. 
700 1 |a Rhind, Savid W. 
942 |c BK  |h 910.285  |i M276  |m LED  |2 ddc  |6 910_285000000000000_M276 
942 |c BK  |h 910.285  |i M276  |m LED  |2 ddc 
999 |c 8907  |d 8907